| 000 | 00491nam a2200193Ia 4500 | ||
|---|---|---|---|
| 005 | 20140414094223.0 | ||
| 008 | 140130s9999 xx 000 0 und d | ||
| 020 | _a0516238523 | ||
| 050 |
_aGN 391 _b.W56 2000 |
||
| 100 |
_aWinne, Joanne _931340 |
||
| 245 |
_cWinne, Joanne _aLiving on an island / |
||
| 260 |
_bScholastic, _c2000. _aNew York : |
||
| 300 |
_a24 p. : _bcol. ill. ; _c15 cm. |
||
| 440 |
_v1 _931174 |
||
| 521 | _aBR | ||
| 526 | _c100 | ||
| 942 |
_cBK _2lcc |
||
| 999 |
_c42095 _d42095 |
||